| 000 | 01355naa a22003737a 4500 | ||
|---|---|---|---|
| 001 | BR7907238 | ||
| 003 | BR-BrBNA | ||
| 005 | 20240918174508.0 | ||
| 007 | ta | ||
| 008 | 230509b bl.||||| |||| 00| 0 por d | ||
| 040 |
_aBR-BrBNA _bpor _cBiblioteca Nacional de Agricultura |
||
| 041 | _a(Pt) | ||
| 072 |
_aH70 _b0170 _b4120 _bG514 |
||
| 090 | _aH70 BR7907238 | ||
| 100 | 1 | _aAleixo, J.A.G. | |
| 100 | 1 | _aCasela, C.P. | |
| 100 | 1 | _aElias, M.C. | |
| 100 | 1 | _aCarvalhai, J.B. | |
| 111 | 1 |
_a24. Reuniao Tecnica Anual do Milho; 8. Reuniao Tecnica Anual do Sorgo Granifero _cPorto Alegre, RS (Brazil) _d1979 |
|
| 245 | 1 | _aEstudo da conservacao de graos de sorgo com acido propionico [deterioracao, fungo, Pelotas, Rio Grande do Sul, Brasil] | |
| 260 | 3 |
_aPorto Alegre, RS (Brasil): _c1979. |
|
| 500 | _aAta da 24. Reuniao Tecnica Anual do Milho e 8. do Sorgo Granifero Porto Alegre, RS (Brasil): 1979. p. 180-182 (BR7907238-AM)H70 | ||
| 650 | _aACIDO PROPIONICO | ||
| 650 | _aSORGO | ||
| 650 | _aCONSERVACAO | ||
| 650 | _aDETERIORACAO | ||
| 650 | _aGRAO | ||
| 650 | _aFUNGO | ||
| 650 | _aPELOTAS | ||
| 650 | _aRIO GRANDE DO SUL | ||
| 773 | 0 |
_tAta da 24. Reuniao Tecnica Anual do Milho e 8. do Sorgo Granifero _wH70 BR7907238 _gPorto Alegre, RS (Brasil), 1979. p. 180-182 |
|
| 909 |
_a202404 _bLucia _c55 _dLucia Elande |
||
| 942 |
_cAM _2AGRIS |
||
| 999 |
_c311594 _d311594 |
||